000 00228nam a2200097Ia 4500
008 240331s9999 xx 000 0 und d
082 _bPAN
100 _aBalasubramanim, R. ed
245 0 _aPannaddu thamilarum panpaadum
942 _cL
999 _c4311
_d4311